Life cycles from caterpillar to butterflies. (Record no. 112396)
[ view plain ]
| 000 -LEADER | |
|---|---|
| fixed length control field | 00306nam a2200121 a 4500 |
| 001 - CONTROL NUMBER | |
| control field | 4140 |
| 005 - DATE AND TIME OF LATEST TRANSACTION | |
| control field | 20140414131935.0 |
| 008 - FIXED-LENGTH DATA ELEMENTS--GENERAL INFORMATION | |
| fixed length control field | 090218s19uu xx 00 eng d |
| 050 ## - LIBRARY OF CONGRESS CALL NUMBER | |
| Classification number | REF 595.78 |
| Item number | H49 2004 |
| 100 ## - MAIN ENTRY--PERSONAL NAME | |
| Personal name | Hewitt, Sally |
| 245 ## - TITLE STATEMENT | |
| Title | Life cycles from caterpillar to butterflies. |
| Withdrawn status | Lost status | Damaged status | Home library | Current library | Shelving location | Date acquired | Total Checkouts | Full call number | Barcode | Date last seen | Price effective from | Koha item type |
|---|---|---|---|---|---|---|---|---|---|---|---|---|
| Munich Library | Munich Library | Reference Section | 02/18/2009 | REF 595.78 H49 2004 | M3685 | 04/14/2014 | 04/14/2014 | Books |